|
|
|
|
| LEADER |
00000nta a2200000 i 4500 |
| 001 |
dolg10917 |
| 005 |
20170508133627.0 |
| 008 |
170508suuuu hu o 000 hun d |
| 040 |
|
|
|a BGE Dolgozattár Repozitórium
|b hun
|
| 041 |
|
|
|a hu
|
| 100 |
1 |
|
|a Nagy Vivien
|
| 245 |
1 |
0 |
|a Egy élelmiszereket forgalmazó cég és egy gyártó cég raktári folyamatainak összehasonlítása
|c Nagy Vivien
|h [elektronikus dokumentum]
|
| 516 |
|
|
|a Final_paper
|
| 695 |
|
|
|a Raktár típusok
|
| 700 |
1 |
|
|a Horváth Dr. Annamária
|e ths
|
| 856 |
4 |
0 |
|u http://dolgozattar.uni-bge.hu/10917/1/Nagy%20Vivien%20Z%C3%A1r%C3%B3dolgozat.pdf
|z Dokumentum-elérés
|